Gematon: Living and Dying in a Kushite Town on the Nile, Volume IV

Saved in:

Main Authors: Davies-Barrett, Anna M. (Author), Vlemincq-Mendieta, Tatiana (Author), Bangsgaard, Pernille (Author)

Other Authors: Whiting, Rebecca J. (Contributor), Welsby, Derek A. (Contributor)

Format: Book

Published: Oxford Archaeopress Publishing Ltd 2024

Tags: Add Tag

No Tags, Be the first to tag this record!

Call Number:

LEADER 00891namaa2200217 4500
001 9781803278872
003 UkOxAP
005 20260405155015.0
020 |a 9781803278889 
776 1 |x 9781803278872 
245 0 0 |a Gematon: Living and Dying in a Kushite Town on the Nile, Volume IV 
100 1 |a Davies-Barrett, Anna M.  |e Author  |l English 
700 1 |a Vlemincq-Mendieta, Tatiana  |e Author  |l English 
700 1 |a Bangsgaard, Pernille  |e Author  |l English 
700 1 |a Whiting, Rebecca J.  |e Contributor  |l English 
700 1 |a Welsby, Derek A.  |e Contributor  |l English 
856 4 2 |a http://library.arce.org:8087/Archaeopress/Products/9781803278889 
260 |a Oxford  |b Archaeopress Publishing Ltd  |c 2024 
270 |a Archaeopress Publishing Ltd, Summertown Pavillion, 18 -24 Middle Way, Summertown  |b Oxford  |d United Kingdom  |e OX2 7LG  |k 44-1865-311914  |m info@archaeopress.com 
942 |2 lcc  |c EBOOK 
999 |c 62042  |d 62042